České zboží na jihoafrickém trhu

Prehľad tovarových položiek českého vývozu do JAR.

Saved in:
Bibliographic Details
Main Author: Straka, Miloš
Format: Book Chapter
Language:Czech
Subjects:
Tags: Add Tag
No Tags, Be the first to tag this record!

MARC

LEADER 00000naa$a2200000$$$4500
001 0016028
005 20230908091026.8
041 0 |a cze 
044 |a CZ 
245 1 0 |a České zboží na jihoafrickém trhu  |c aut. Miloš Straka 
520 |a Prehľad tovarových položiek českého vývozu do JAR. 
610 2 0 |a vývoz 
610 2 0 |a Česko 
610 2 0 |a komodity 
610 2 0 |a bilancia obchodná 
610 2 0 |a Juhoafrická republika 
100 1 |a Straka, Miloš